Mersing district,Johore

Bibliographic Details
Main Author: CRACIUM
Format: Book
Published: Kuala Lumpur : Forest Research Institute, Forest Department , 1966
Subjects:

MARC

LEADER 00000cam a2200000 7i4500
001 0000001875
005 20020313.0
090 0 0 |a 634.9285   |b CRA 1966 
100 1 0 |a CRACIUM   |h George C. J. 
245 1 0 |a Mersing district,Johore   |c George C. J. Cracium 
260 0 0 |a Kuala Lumpur :   |b Forest Research Institute, Forest Department ,   |c 1966 
300 |a 1v. (various pagings) :   |b maps (2 folded in pocket) ;   |c 33 cm. 
500 0 0 |a Forest resources reconnaissance survey of Malaya report; no. 2 
650 0 0 |a Forest surveys   |z Malaysia   |z Johor 
650 0 0 |a Forests and forestry   |x Mensuration 
650 0 0 |a Surveys 
998 |a JPSM 
999 |a 0000003006   |b Monograph   |c Open Shelf   |e Default branch